• 首页
  • 本馆介绍
  • 公告通知
  • 最新文献
  • 馆藏检索
  • 电子资源
  • 读者导购
  • 参考咨询
  • 我的图书馆
  • 登录
  • 详细信息显示
  • 放入我的书架
  • 预约/预借图书
  • 作者相关作品
  • 分类相关作品
  • 丛书相关作品
  • 出版社相关作品

书目信息

  • 表格格式
  • 工作单格式
  • 卡片格式
题名:
口腔颌面外科门诊手术操作规范与技巧
    
 
作者: 赵吉宏 主编 ;邹熊玥 , 唐海阔 , 何克飞 绘图
分册:  
出版信息: 北京大学医学出版社    2015
页数: 281页
开本: 29cm
丛书名: 口腔临床实用技术系列丛书
单 册:
中图分类: R782.05-65
科图分类:
主题词: 口腔外科手术--技术操作规程
电子资源:
ISBN: 978-7-5659-1013-5
000 01207nam0 2200277 450
001 0103538446
005 20150820143431.0
010    @a978-7-5659-1013-5@b精装@dCNY165.00
100    @a20150625d2015 em y0chiy0120 ea
101 0  @achi
102    @aCN@b110000
105    @aa z 001yy
106    @ar
200 1  @a口腔颌面外科门诊手术操作规范与技巧@9Kou Qiang He;Ge Mian Wai Ke Men Zhen Shou Shu;Zhu Cao Zuo Gui Fan Yu Ji Qiao @f赵吉宏主编@g邹熊玥,唐海阔,何克飞绘图@b专著
210    @a北京大学医学出版社@d2015
215    @a281页@c图@d29cm
225 1  @a口腔临床实用技术系列丛书
330    @a本书从基础、规范、实用的角度出发,紧密围绕临床实际,系统介绍了口腔颌面外科门诊常见手术的操作规范,详尽到患者体位、麻醉方式、消毒范围以及手术步骤的各个细节。精华在于手术步骤及手术技巧的介绍,全书配图700余幅,包括临床操作实景照片,模型照片及手绘图,图片精美直观、层次清晰、立体感强,具有较好的视觉效果。
606 0  @a口腔外科手术@x技术操作规程
690    @aR782.05-65@v5
701  0 @a赵吉宏@4主编@9zhao ji hong
702  0 @a邹熊玥@4绘图@9zou xiong yue
702  0 @a唐海阔@4绘图@9tang hai kuo
702  0 @a何克飞@4绘图@9he ke fei
801  0 @aCN@bAZmarc@c20230907
905    @aBZT@dR782@e12@f3@sR782/12
    
    口腔颌面外科门诊手术操作规范与技巧/赵吉宏主编/邹熊玥,唐海阔,何克飞绘图.-北京大学医学出版社,2015
    281页:图;29cm.-(口腔临床实用技术系列丛书)
    
    
    ISBN 978-7-5659-1013-5(精装):CNY165.00
    本书从基础、规范、实用的角度出发,紧密围绕临床实际,系统介绍了口腔颌面外科门诊常见手术的操作规范,详尽到患者体位、麻醉方式、消毒范围以及手术步骤的各个细节。精华在于手术步骤及手术技巧的介绍,全书配图700余幅,包括临床操作实景照片,模型照片及手绘图,图片精美直观、层次清晰、立体感强,具有较好的视觉效果。
●
相关链接 在五车中查询图书 在当当中查询图书 在豆瓣中查询图书


正题名:口腔颌面外科门诊手术操作规范与技巧     索取号:R782/12         预约/预借

序号 登录号 条形码 馆藏地/架位号 状态 备注
1 2000009714   2000009714   旧书回溯/ [索取号:R782/12] 在馆    
2 2000009715   2000009715   旧书回溯/ [索取号:R782/12] 在馆    
3 2000009716   2000009716   旧书回溯/ [索取号:R782/12] 在馆    
山东省滨州职业学院图书馆 欢迎您!
大连网信软件有限公司© 版权所有